[Event "Baia Mare Maramures op"]
[Site "Baia Mare"]
[Date "2023.08.31"]
[Round "2"]
[White "Bonte, Arghir"]
[Black "Mutiu, Alexandru Andrei"]
[Result "1/2-1/2"]
[WhiteElo "1717"]
[BlackElo "1467"]
[PlyCount "50"]
[EventDate "2023.08.31"]
[EventType "swiss"]
[EventRounds "9"]
[EventCountry "ROU"]
[SourceTitle "EXT 2024"]
[Source "ChessBase"]
[SourceDate "2023.10.10"]
[SourceVersion "1"]
[SourceVersionDate "2023.10.10"]
[SourceQuality "1"]

1. d4 g6 2. Nf3 Bg7 3. e4 d6 4. h3 Nd7 5. Bd3 e6 6. 0-0 Ne7 7. Be3 b6 8. Qd2 h6 9. c4 Bb7 10. Nc3 a6 11. a4 a5 12. Nb5 f5 13. Qc2 0-0 14. Rad1 Nf6 15. Nd2 Nc6 16. f3 Nh5 17. f4 Nb4 18. Qb1 Nxd3 19. Qxd3 Ng3 20. Rfe1 Nxe4 21. Nf3 d5 22. Ne5 Kh7 23. c5 Bxe5 24. fxe5 Ba6 25. c6 Bc8 1/2-1/2

[Event "Wch Seniors 50 29th"]
[Site "Bucharest"]
[Date "2019.11.16"]
[Round "5"]
[White "Schneider, Waldemar"]
[Black "Bonte, Arghir"]
[Result "0-1"]
[WhiteElo "1636"]
[BlackElo "1917"]
[PlyCount "76"]
[EventDate "2019.11.12"]
[EventType "swiss"]
[EventRounds "11"]
[EventCountry "ROU"]
[SourceTitle "CBM 193 Extra"]
[Source "ChessBase"]
[SourceDate "2020.01.31"]
[SourceVersion "1"]
[SourceVersionDate "2020.01.31"]
[SourceQuality "1"]

1. e4 c5 2. Nf3 Nc6 3. Bb5 g6 4. 0-0 Bg7 5. d3 Qb6 6. Bxc6 Qxc6 7. c3 d6 8. h3 Nf6 9. Be3 0-0 10. Nbd2 b6 11. Rc1 Ba6 12. Qc2 Nd7 13. b3 Rac8 14. Rfe1 d5 15. exd5 Qxd5 16. c4 Qc6 17. Ne4 Bb7 18. Bf4 Rcd8 19. Rcd1 Rfe8 20. Re2 Nf8 21. Bd2 Ne6 22. Bc3 f6 23. d4 Nf4 24. Re3 cxd4 25. Rxd4 e5 26. Rxd8 Rxd8 27. Ng3 Bh6 28. Re4 Qd6 29. Re1 Nxh3+ 30. Kh2 Nf4 31. Ne4 Qc6 32. Nxf6+ Qxf6 33. Rxe5 Qc6 34. Re7 Bf8 35. Rxh7 Kxh7 36. Ng5+ Kg8 37. f3 Qd6 38. g3 Qd3 0-1

[Event "Satu Mare Szabo Memorial"]
[Site "Satu Mare"]
[Date "2019.08.06"]
[Round "7"]
[White "Prisacaru, Stefan Emilian"]
[Black "Bonte, Arghir"]
[Result "1-0"]
[WhiteElo "1709"]
[BlackElo "1912"]
[PlyCount "77"]
[EventDate "2019.08.02"]
[EventType "swiss"]
[EventRounds "9"]
[EventCountry "ROU"]
[SourceTitle "EXT 2021"]
[Source "ChessBase"]
[SourceDate "2020.10.23"]
[SourceVersion "1"]
[SourceVersionDate "2020.10.23"]
[SourceQuality "1"]

1. d4 Nf6 2. Nc3 d5 3. Bf4 e6 4. Nb5 Bb4+ 5. c3 Ba5 6. b4 a6 7. a4 axb5 8. axb5 Bxb4 9. Rxa8 Bxc3+ 10. Bd2 Bxd2+ 11. Qxd2 Nbd7 12. e3 Nb6 13. Ra1 Ne4 14. Qc2 Nd6 15. Qc5 Bd7 16. Nf3 0-0 17. Nd2 f5 18. Bd3 f4 19. 0-0 Nbc8 20. Rac1 c6 21. bxc6 Bxc6 22. Qc2 h6 23. Nf3 fxe3 24. fxe3 Nf5 25. Ne5 Nce7 26. Rf3 Qb6 27. g4 g6 28. gxf5 exf5 29. Qc5 Qd8 30. Bb5 f4 31. Bxc6 Nxc6 32. Nxc6 bxc6 33. Qxc6 Qg5+ 34. Kh1 Kg7 35. Qc7+ Kg8 36. Rxf4 Rxf4 37. Qxf4 Qd8 38. Rc7 Qe8 39. Qe5 1-0

[Event "Satu Mare Szabo Memorial"]
[Site "Satu Mare"]
[Date "2019.08.04"]
[Round "3"]
[White "Bonte, Arghir"]
[Black "Biro, Sandor"]
[Result "0-1"]
[WhiteElo "1912"]
[BlackElo "2174"]
[PlyCount "58"]
[EventDate "2019.08.02"]
[EventType "swiss"]
[EventRounds "9"]
[EventCountry "ROU"]
[SourceTitle "CBM 191 Extra"]
[Source "ChessBase"]
[SourceDate "2019.09.30"]
[SourceVersion "1"]
[SourceVersionDate "2019.09.30"]
[SourceQuality "1"]

1. d4 c5 2. d5 e5 3. dxe6 fxe6 4. e4 d5 5. Bb5+ Nc6 6. Nc3 d4 7. Bxc6+ bxc6 8. Nce2 e5 9. Nf3 Bd6 10. 0-0 Ne7 11. Nh4 0-0 12. Ng3 Be6 13. Bg5 Qd7 14. Bxe7 Bxe7 15. Nhf5 Bf6 16. h3 Kh8 17. b3 Bg5 18. h4 Bf4 19. h5 g6 20. hxg6 hxg6 21. Nh4 Qh7 22. Nf3 Kg7 23. Qd3 Bg4 24. Qa6 Rf7 25. Rfe1 Rh8 26. Kf1 Bxg3 27. fxg3 Rxf3+ 28. Ke2 Rxg3+ 29. Kf2 Rxg2+ 0-1

[Event "Satu Mare Ferroli op"]
[Site "Satu Mare"]
[Date "2018.10.31"]
[Round "3"]
[White "Marjanovics, Gyorgy"]
[Black "Bonte, Arghir"]
[Result "0-1"]
[WhiteElo "2004"]
[BlackElo "1943"]
[PlyCount "105"]
[EventDate "2018.10.30"]
[EventType "swiss"]
[EventRounds "9"]
[EventCountry "ROU"]
[SourceTitle "CBM 187 Extra"]
[Source "ChessBase"]
[SourceDate "2018.11.04"]
[SourceVersion "1"]
[SourceVersionDate "2018.11.04"]
[SourceQuality "1"]

1. e4 e5 2. Nf3 Nc6 3. Bb5 Nf6 4. 0-0 d6 5. Re1 Bd7 6. c3 a6 7. Ba4 Be7 8. h3 0-0 9. d4 h6 10. d5 Na5 11. Bxd7 Nxd7 12. Nbd2 b5 13. b4 Nb7 14. a4 Nb6 15. axb5 axb5 16. Bb2 Qd7 17. Qb3 f5 18. Rxa8 Rxa8 19. Nxe5 dxe5 20. d6+ Kh8 21. dxe7 Qxd2 22. Rd1 Qe2 23. exf5 Nc4 24. Bc1 Nbd6 25. f6 gxf6 26. Bxh6 Ra2 27. Rf1 Rb2 28. Qd1 Qxd1 29. Rxd1 Kg8 30. Rd3 Kf7 31. Bf8 Rd2 32. Rf3 e4 33. Rf4 Ne5 34. h4 Ng6 35. Rg4 Nxf8 36. exf8Q+ Kxf8 37. h5 Rd5 38. h6 Rh5 39. Rg6 f5 40. Kf1 Ne8 41. Ke2 Kf7 42. Rc6 f4 43. g4 Rg5 44. h7 Kg7 45. Re6 Nd6 46. Re7+ Kh8 47. Rxc7 Rxg4 48. Rd7 Nc4 49. Kf1 f3 50. Rd5 e3 51. Rd8+ Kxh7 52. fxe3 Na3 53. Kf2 0-1

[Event "Tasnad op"]
[Site "Tasnad"]
[Date "2018.09.13"]
[Round "4"]
[White "Bonte, Arghir"]
[Black "Balla, Tamas Kristof"]
[Result "1-0"]
[WhiteElo "1936"]
[BlackElo "2328"]
[PlyCount "142"]
[EventDate "2018.09.11"]
[EventType "swiss"]
[EventRounds "9"]
[EventCountry "ROU"]
[SourceTitle "CBM 186 Extra"]
[Source "ChessBase"]
[SourceDate "2018.08.24"]
[SourceVersion "1"]
[SourceVersionDate "2018.08.24"]
[SourceQuality "1"]

1. d4 Nf6 2. c4 e5 3. d5 Bc5 4. e3 d6 5. Nc3 a6 6. h3 c6 7. dxc6 bxc6 8. Nf3 0-0 9. Bd3 Bb4 10. Bd2 Re8 11. e4 d5 12. Qc2 dxe4 13. Nxe4 Bxd2+ 14. Nfxd2 Nh5 15. 0-0-0 f5 16. Nc3 e4 17. Bf1 Qg5 18. h4 Qf4 19. Be2 Nf6 20. f3 e3 21. Nf1 Nh5 22. Rh3 Qh6 23. g3 f4 24. g4 Qe6 25. Ne4 Nf6 26. Nd6 Rd8 27. Nxc8 Qxc8 28. h5 Rxd1+ 29. Qxd1 Qc7 30. g5 Ne8 31. Qd4 Qa5 32. c5 Qe1+ 33. Qd1 Qb4 34. Qb3+ Qxb3 35. axb3 Nd7 36. Rh4 Nxc5 37. Bc4+ Kh8 38. Rxf4 Nd6 39. Nxe3 a5 40. Kc2 Re8 41. Ng4 Nd7 42. Rd4 Nxc4 43. bxc4 Re7 44. Rd6 Kg8 45. Rxc6 Kf7 46. g6+ hxg6 47. hxg6+ Kg8 48. Rc7 Kf8 49. Ra7 Nb6 50. Rxa5 Nxc4 51. Ra8+ Re8 52. Rxe8+ Kxe8 53. Kc3 Nd6 54. Kd4 Nf5+ 55. Kc5 Kd7 56. b4 Kc7 57. b5 Kb7 58. Ne5 Kc7 59. b6+ Kb7 60. Nc4 Nh4 61. Ne5 Nf5 62. f4 Nh4 63. Kb5 Nf5 64. Nc4 Nd4+ 65. Ka5 Nc6+ 66. Ka4 Ne7 67. Kb5 Nxg6 68. Na5+ Kb8 69. Nc6+ Kb7 70. f5 Nh4 71. Na5+ Kc8 1-0

[Event "Tasnad op"]
[Site "Tasnad"]
[Date "2018.09.12"]
[Round "2"]
[White "Baranciuc, Alexandr"]
[Black "Bonte, Arghir"]
[Result "0-1"]
[WhiteElo "1681"]
[BlackElo "1936"]
[PlyCount "84"]
[EventDate "2018.09.11"]
[EventType "swiss"]
[EventRounds "9"]
[EventCountry "ROU"]
[SourceTitle "CBM 186 Extra"]
[Source "ChessBase"]
[SourceDate "2018.08.24"]
[SourceVersion "1"]
[SourceVersionDate "2018.08.24"]
[SourceQuality "1"]

1. e4 e5 2. Nf3 Nc6 3. Bc4 Bc5 4. d3 Nf6 5. c3 d6 6. a4 a6 7. h3 Be6 8. Bxe6 fxe6 9. 0-0 Qe7 10. Nbd2 0-0 11. Re1 g6 12. Nf1 Nh5 13. b4 Ba7 14. b5 Nd8 15. Ne3 Nf4 16. Kh2 Bxe3 17. Bxe3 axb5 18. Bxf4 exf4 19. axb5 Nf7 20. Qb3 g5 21. Nd4 Rae8 22. Ra7 Ne5 23. Rd1 g4 24. Rxb7 gxh3 25. gxh3 Qh4 26. Rg1+ Kh8 27. Qa2 Rg8 28. Rg2 Rxg2+ 29. Kxg2 f3+ 30. Kf1 Qxh3+ 31. Ke1 Nxd3+ 32. Kd2 Qf1 33. Qa7 Nc5 34. Rxc7 Qd3+ 35. Kc1 Qxc3+ 36. Nc2 Nd3+ 37. Kd1 Nxf2+ 38. Kc1 Nd3+ 39. Kd1 Qf6 40. Rxh7+ Kg8 41. Rh1 Kf8 42. Qc7 Nf2+ 0-1

[Event "Arad op 11th"]
[Site "Arad"]
[Date "2018.08.05"]
[Round "1"]
[White "Bonte, Arghir"]
[Black "Jianu, Vlad Cristian"]
[Result "0-1"]
[WhiteElo "1920"]
[BlackElo "2542"]
[PlyCount "72"]
[EventDate "2018.08.05"]
[EventType "swiss"]
[EventRounds "9"]
[EventCountry "ROU"]
[SourceTitle "CBM 185 Extra"]
[Source "ChessBase"]
[SourceDate "2018.07.29"]
[SourceVersion "1"]
[SourceVersionDate "2018.07.29"]
[SourceQuality "1"]

1. d4 Nf6 2. Nf3 g6 3. g3 Bg7 4. Bg2 0-0 5. 0-0 d6 6. c4 c6 7. Nc3 Qa5 8. Bd2 Qc7 9. e4 e5 10. dxe5 dxe5 11. Qe2 Nbd7 12. b4 Rd8 13. Rfd1 a5 14. a3 Nf8 15. h3 Ne6 16. Be3 Nd4 17. Nxd4 exd4 18. Bf4 Qe7 19. Na2 Nh5 20. Qd2 Nxf4 21. Qxf4 d3 22. Rab1 Be6 23. Qc1 Rd4 24. Qe3 Bxc4 25. Nc1 axb4 26. axb4 Ra3 27. Rd2 Rd6 28. Qc5 b5 29. Qe3 Bd4 30. Qf4 Rf6 31. Qh6 Qe5 32. h4 Qxg3 33. Qg5 Qxg5 34. hxg5 Rxf2 35. Rxf2 d2 36. Nd3 Rxd3 0-1

[Event "Arad op 9th"]
[Site "Arad"]
[Date "2016.08.12"]
[Round "9"]
[White "Kelly, Ladislau Endre"]
[Black "Bonte, Arghir"]
[Result "1-0"]
[WhiteElo "2173"]
[BlackElo "1948"]
[PlyCount "147"]
[EventDate "2016.08.06"]
[EventType "swiss"]
[EventRounds "9"]
[EventCountry "ROU"]
[SourceTitle "CBM 173 Extra"]
[Source "ChessBase"]
[SourceDate "2016.08.29"]
[SourceVersion "1"]
[SourceVersionDate "2016.08.29"]
[SourceQuality "1"]

1. d4 Nf6 2. Nf3 e6 3. e3 d5 4. Nbd2 c5 5. c3 Nc6 6. b3 Qa5 7. Bb2 cxd4 8. exd4 Bd6 9. Bd3 0-0 10. 0-0 e5 11. dxe5 Nxe5 12. Be2 Ng6 13. Re1 Re8 14. Nc4 Bxh2+ 15. Nxh2 dxc4 16. Bxc4 Bd7 17. b4 Qc7 18. Be2 Rad8 19. Qc2 Re4 20. Bf1 Rxb4 21. c4 Ba4 22. Qc3 Rb6 23. Ng4 Qf4 24. Ne3 Bc6 25. Rad1 Rc8 26. Rd4 Qg5 27. Red1 h5 28. c5 Rxb2 29. Qxb2 Qxc5 30. Rd8+ Rxd8 31. Rxd8+ Kh7 32. Qb3 Qe7 33. Rd4 Qe5 34. Rd2 Ne4 35. Rc2 f5 36. Qf7 Nd6 37. Qc7 Nf4 38. Rxc6 bxc6 39. Qxc6 h4 40. Qc7 Qd4 41. Qd8 Ne6 42. Qe7 Nc5 43. Qxa7 Nde4 44. Qf7 Nd6 45. Qh5+ Kg8 46. Nxf5 Nxf5 47. Qxf5 Ne4 48. Qf4 g5 49. Qe3 Qxe3 50. fxe3 Kf7 51. Bd3 Nc5 52. Bc2 Kf6 53. g3 Ke5 54. gxh4 gxh4 55. Kg2 Na6 56. a4 Nb4 57. Bb1 Nd5 58. e4 Nc3 59. a5 Kd4 60. a6 Nb5 61. Kh3 Na7 62. Kxh4 Ke5 63. Kg4 Nc6 64. Kf3 Nd4+ 65. Ke3 Nc6 66. Bd3 Na7 67. Bc2 Nc6 68. Ba4 Na7 69. Kd3 Nc8 70. Bc6 Na7 71. Bb7 Kd6 72. Kc4 Kd7 73. Kc5 Kc7 74. e5 1-0

[Event "Eforie Nord Seacoast op 25th"]
[Site "Eforie Nord"]
[Date "2015.06.24"]
[Round "2"]
[White "Bonte, Arghir"]
[Black "Maksimovic, Suzana"]
[Result "0-1"]
[WhiteElo "1968"]
[BlackElo "2238"]
[PlyCount "82"]
[EventDate "2015.06.23"]
[EventType "swiss"]
[EventRounds "10"]
[EventCountry "ROU"]
[SourceTitle "CBM 167 Extra"]
[Source "ChessBase"]
[SourceDate "2015.09.14"]
[SourceVersion "1"]
[SourceVersionDate "2015.09.14"]
[SourceQuality "1"]

1. d4 c5 2. Nf3 cxd4 3. Nxd4 e5 4. Nb3 d5 5. e3 Nc6 6. Bb5 Nf6 7. 0-0 Bd6 8. c4 a6 9. cxd5 axb5 10. dxc6 bxc6 11. e4 0-0 12. Bg5 h6 13. Bxf6 Qxf6 14. Nc3 Rd8 15. Qf3 Qxf3 16. gxf3 Be6 17. Rfd1 b4 18. Ne2 Rxa2 19. Rxa2 Bxb3 20. Raa1 Bxd1 21. Rxd1 Kf8 22. b3 Ke7 23. Ra1 Bc5 24. Rc1 Kd6 25. f4 f6 26. fxe5+ fxe5 27. Kg2 Bd4 28. f4 c5 29. f5 Ra8 30. Rd1 Ra2 31. Kf3 Rb2 32. Rd3 h5 33. h3 Ke7 34. Nxd4 cxd4 35. Kg3 Re2 36. Kh4 Kf6 37. Rg3 Rxe4+ 38. Kxh5 Re3 39. Rg6+ Kxf5 40. h4 Rxb3 41. Rg2 d3 0-1

[Event "Eforie Nord op"]
[Site "Eforie Nord"]
[Date "2014.07.01"]
[Round "10"]
[White "Orlinkov, Maxim L"]
[Black "Bonte, Arghir"]
[Result "1-0"]
[WhiteElo "2349"]
[BlackElo "1964"]
[PlyCount "129"]
[EventDate "2014.06.24"]
[EventType "swiss"]
[EventRounds "11"]
[EventCountry "ROU"]
[SourceTitle "CBM 161 Extra"]
[Source "ChessBase"]
[SourceDate "2014.08.29"]
[SourceVersion "1"]
[SourceVersionDate "2014.08.29"]
[SourceQuality "1"]

1. Nc3 d5 2. e4 dxe4 3. Nxe4 Bf5 4. Ng3 Bg6 5. Nf3 e6 6. h4 h6 7. Ne5 Bh7 8. Qf3 Qf6 9. Qe2 c6 10. d4 Qd8 11. c3 Nf6 12. Nh5 Nbd7 13. Nxd7 Nxd7 14. Qf3 Qa5 15. Bc4 Qf5 16. Qe2 Qe4 17. Be3 Qc2 18. Bb3 Qxe2+ 19. Kxe2 Bf5 20. f3 a5 21. g4 Bh7 22. a4 Nb6 23. c4 Nd7 24. Rad1 Ra6 25. c5 b6 26. g5 bxc5 27. dxc5 Rg8 28. gxh6 gxh6 29. Rxd7 Kxd7 30. Nf6+ Ke7 31. Nxh7 Rg2+ 32. Kf1 Rxb2 33. Bc4 Ra8 34. Nxf8 Rxf8 35. Be2 Ra2 36. Kf2 Rxa4 37. Bxh6 Rh8 38. Be3 f6 39. h5 Ra2 40. h6 a4 41. Rb1 e5 42. Rb7+ Ke6 43. Rc7 a3 44. Rxc6+ Kf5 45. Ra6 Kg6 46. Bc1 Rc8 47. Rxa3 Rxa3 48. Bxa3 Kxh6 49. Bb5 Ra8 50. Bc1+ Kg6 51. Bd7 Kf7 52. c6 Ke7 53. Be3 Ra2+ 54. Kg3 Kd6 55. Kg4 Kc7 56. Kf5 Ra3 57. Bd2 Rxf3+ 58. Ke6 Ra3 59. Bb4 Rb3 60. Bd2 Ra3 61. Kf5 Rf3+ 62. Ke6 Ra3 63. Bb4 Ra6 64. Bd6+ Kd8 65. c7# 1-0

[Event "Arad op"]
[Site "Arad"]
[Date "2012.07.28"]
[Round "2"]
[White "Arngrimsson, Dagur"]
[Black "Bonte, Arghir"]
[Result "1-0"]
[WhiteElo "2366"]
[BlackElo "1986"]
[PlyCount "66"]
[EventDate "2012.07.27"]
[EventType "swiss"]
[EventRounds "9"]
[EventCountry "ROU"]
[SourceTitle "CBM 149 Extra"]
[Source "ChessBase"]
[SourceDate "2012.08.24"]
[SourceVersion "1"]
[SourceVersionDate "2012.08.24"]
[SourceQuality "1"]

1. d4 Nf6 2. Nf3 g6 3. c4 Bg7 4. Nc3 0-0 5. Bf4 d5 6. Rc1 c6 7. e3 Ne4 8. cxd5 Nxc3 9. Rxc3 cxd5 10. Be2 Nc6 11. 0-0 Bg4 12. h3 Bxf3 13. Bxf3 e6 14. Qa4 Qd7 15. Rfc1 Rfd8 16. Kh1 a6 17. a3 h6 18. Be2 e5 19. dxe5 b5 20. Qc2 Nxe5 21. Rc7 Qe8 22. b3 d4 23. exd4 Rxd4 24. Be3 Rd7 25. Rxd7 Nxd7 26. Bf3 Rd8 27. Bb7 Qe6 28. Qc7 Re8 29. Bc8 Re7 30. Qd8+ Kh7 31. Rd1 Qe4 32. Bxa6 b4 33. axb4 Qxb4 1-0

[Event "Eforie Nord op 2nd"]
[Site "Eforie Nord"]
[Date "2010.06.18"]
[Round "1"]
[White "Szabo, Gergely Andras"]
[Black "Bonte, Arghir"]
[Result "1-0"]
[WhiteElo "2546"]
[BlackElo "2026"]
[PlyCount "95"]
[EventDate "2010.06.18"]
[EventType "swiss"]
[EventRounds "11"]
[EventCountry "ROU"]
[SourceTitle "CBM 137 Extra"]
[Source "ChessBase"]
[SourceDate "2010.09.01"]
[SourceVersion "1"]
[SourceVersionDate "2010.09.01"]
[SourceQuality "1"]

1. d4 d5 2. Nf3 Nf6 3. e3 e6 4. Bd3 Nbd7 5. b3 c5 6. Bb2 cxd4 7. exd4 Bb4+ 8. c3 Bd6 9. 0-0 0-0 10. Re1 Re8 11. Ne5 h5 12. Nd2 Bxe5 13. dxe5 Ng4 14. Nf3 a5 15. h3 Nh6 16. Nd4 g6 17. Qd2 Kg7 18. Nb5 Nf8 19. Nd6 Re7 20. c4 dxc4 21. Bxc4 Qb6 22. Ba3 Ng8 23. Nxc8 Rxc8 24. Bxe7 Nxe7 25. Rad1 Nf5 26. Qf4 Nh7 27. Bd3 Ne7 28. Be4 Rc7 29. Re3 Qb4 30. Rf3 Ng8 31. Rfd3 Nh6 32. Rd4 Qe7 33. Qd2 Ng5 34. Qxa5 Nxe4 35. Rxe4 Nf5 36. Qb4 Rc5 37. Rc4 b6 38. Qxb6 Rxe5 39. Rc8 Re2 40. a4 Rb2 41. a5 e5 42. a6 Ra2 43. b4 e4 44. Qc6 Qxb4 45. Qe8 Kh6 46. h4 Nxh4 47. Qe5 Nf5 48. Qf6 1-0

[Event "Felix Cup 22nd"]
[Site "Felix Spa"]
[Date "2007.05.25"]
[Round "1"]
[White "Szabo, Gergely Andras"]
[Black "Bonte, Arghir"]
[Result "1-0"]
[WhiteElo "2512"]
[BlackElo "2027"]
[PlyCount "95"]
[EventDate "2007.05.25"]
[EventType "swiss"]
[EventRounds "9"]
[EventCountry "ROU"]
[SourceTitle "CBM 118 Extra"]
[Source "ChessBase"]
[SourceDate "2007.07.04"]
[SourceVersion "1"]
[SourceVersionDate "2007.07.04"]
[SourceQuality "1"]

1. e4 d6 2. d4 Nf6 3. Nc3 Nbd7 4. g4 c5 5. g5 cxd4 6. Qxd4 e5 7. Qd1 Ng8 8. h4 Nb6 9. f4 Ne7 10. fxe5 dxe5 11. Qxd8+ Kxd8 12. Be3 Bg4 13. Nb5 Nec8 14. Be2 Bxe2 15. Nxe2 a6 16. 0-0-0+ Nd7 17. Nbc3 Bd6 18. Rd3 Re8 19. h5 Re6 20. Ng3 g6 21. hxg6 hxg6 22. Rh7 Ke8 23. Nd5 Nf8 24. Rh8 b5 25. Rd1 Rb8 26. Nf5 gxf5 27. exf5 Kd7 28. fxe6+ Kxe6 29. Nf6 Ne7 30. Ne4 Nd5 31. Bc5 Ng6 32. Rh2 Bc7 33. Ba7 Rd8 34. Nc5+ Kf5 35. Nxa6 Ra8 36. Rxd5 Rxa7 37. Nxc7 Rxc7 38. Rxb5 Kxg5 39. a4 f6 40. a5 Kf5 41. a6 Ra7 42. Rb6 Nf4 43. Rd2 e4 44. Rdd6 e3 45. Rxf6+ Ke5 46. Rf8 e2 47. Re8+ Kf5 48. Rb4 1-0

[Event "Deva tt"]
[Site "Deva"]
[Date "1999.??.??"]
[Round "?"]
[White "Boitor, Ioan"]
[Black "Bonte, Arghir"]
[Result "0-1"]
[WhiteElo "1695"]
[BlackElo "2060"]
[PlyCount "126"]
[EventDate "1999.07.??"]
[EventType "team"]
[EventRounds "9"]
[EventCountry "ROU"]
[SourceTitle "EXT 2004"]
[Source "ChessBase"]
[SourceDate "2003.11.25"]
[SourceVersion "1"]
[SourceVersionDate "2003.11.25"]
[SourceQuality "1"]

1. d4 Nf6 2. c4 e6 3. Nc3 Bb4 4. Bg5 h6 5. Bh4 0-0 6. e4 g5 7. e5 gxh4 8. exf6 Qxf6 9. Qg4+ Qg5 10. Be2 Nc6 11. a3 Be7 12. d5 Ne5 13. Qxg5+ hxg5 14. dxe6 dxe6 15. Nf3 Ng6 16. g3 h3 17. 0-0-0 g4 18. Nd2 f5 19. f3 e5 20. fxg4 fxg4 21. Bd3 Kg7 22. Nde4 c6 23. Rd2 Be6 24. Kc2 Rad8 25. Rhd1 Rf3 26. Be2 Rxd2+ 27. Kxd2 Rf8 28. b4 Kh6 29. Kc2 a5 30. c5 axb4 31. axb4 b6 32. Rf1 bxc5 33. bxc5 Rd8 34. Rd1 Rd4 35. Bd3 Nf8 36. Ra1 Nd7 37. Ra6 Nb8 38. Rb6 Rd8 39. Rb7 Nd7 40. Rc7 Bd5 41. Na4 Bf8 42. Nd6 Bxd6 43. cxd6 Nf6 44. d7 Rxd7 45. Rc8 e4 46. Be2 e3 47. Nc3 Bf3 48. Bd3 Kg7 49. Rb8 c5 50. Rc8 Re7 51. Rxc5 e2 52. Rg5+ Kf8 53. Nxe2 Bxe2 54. Rf5 Bxd3+ 55. Kxd3 Kf7 56. Rf4 Re1 57. Rf2 Kg6 58. Kd2 Ra1 59. Ke3 Kg5 60. Rb2 Rg1 61. Rb5+ Kg6 62. Rb2 Kf5 63. Rf2+ Ke5 0-1

[Event "Deva tt"]
[Site "Deva"]
[Date "1999.??.??"]
[Round "?"]
[White "Bonte, Arghir"]
[Black "Moldovan, Corina"]
[Result "1/2-1/2"]
[WhiteElo "2060"]
[BlackElo "2226"]
[PlyCount "102"]
[EventDate "1999.07.??"]
[EventType "team"]
[EventRounds "9"]
[EventCountry "ROU"]
[SourceTitle "EXT 2004"]
[Source "ChessBase"]
[SourceDate "2003.11.25"]
[SourceVersion "1"]
[SourceVersionDate "2003.11.25"]
[SourceQuality "1"]

1. e4 c5 2. c4 Nc6 3. Nc3 g6 4. Nf3 Bg7 5. Be2 e6 6. 0-0 Nge7 7. Re1 0-0 8. d3 b6 9. Be3 d5 10. Na4 Bb7 11. Qd2 dxe4 12. dxe4 Nb4 13. Bd1 Qxd2 14. Nxd2 Nd3 15. Re2 Nxb2 16. Nxb2 Bxb2 17. Rb1 Bd4 18. Bxd4 cxd4 19. Bc2 Ba6 20. Rb4 Nc6 21. Ra4 Bb7 22. f4 e5 23. g3 Rfd8 24. Bd3 f6 25. Nf3 Bc8 26. Rb2 Bg4 27. Nd2 Be6 28. Ra6 Nb8 29. Ra3 Nd7 30. Kf2 Nc5 31. Be2 Bd7 32. h4 Bc6 33. Bd3 Ne6 34. Kf3 exf4 35. gxf4 f5 36. Kg3 fxe4 37. Bxe4 Bxe4 38. Nxe4 Kg7 39. Rb5 Rf8 40. Rd5 Nxf4 41. Rd7+ Kg8 42. Raxa7 Rxa7 43. Rxa7 Ne2+ 44. Kg2 Rf4 45. Nd6 Rf7 46. Ra6 Rb7 47. Kf3 Nc3 48. Kf4 b5 49. Ke5 Rd7 50. Ke6 Rd8 51. Ke7 Rf8 1/2-1/2

[Event "Deva tt"]
[Site "Deva"]
[Date "1999.??.??"]
[Round "?"]
[White "Bonte, Arghir"]
[Black "Popovici, Gheorghe"]
[Result "0-1"]
[WhiteElo "2060"]
[BlackElo "1785"]
[PlyCount "117"]
[EventDate "1999.07.??"]
[EventType "team"]
[EventRounds "9"]
[EventCountry "ROU"]
[SourceTitle "EXT 2004"]
[Source "ChessBase"]
[SourceDate "2003.11.25"]
[SourceVersion "1"]
[SourceVersionDate "2003.11.25"]
[SourceQuality "1"]

1. d4 Nf6 2. c4 g6 3. Nc3 Bg7 4. e4 d6 5. f3 0-0 6. Be3 Nc6 7. Qd2 e5 8. d5 Ne7 9. 0-0-0 Ne8 10. g4 f5 11. gxf5 gxf5 12. h4 f4 13. Bf2 Bd7 14. Bh3 Rc8 15. Kb1 a6 16. h5 h6 17. Bh4 Nf6 18. Qg2 Kh7 19. Nge2 Rg8 20. Rdg1 b5 21. cxb5 axb5 22. Nc1 Rb8 23. Qh2 Qe8 24. Rg2 Bh8 25. Rhg1 Rxg2 26. Rxg2 Bxh3 27. Qxh3 Qc8 28. Qh1 Qd7 29. Bxf6 Bxf6 30. Qf1 Bg5 31. Rc2 Ng8 32. Nb3 b4 33. Nd1 Nf6 34. Qc4 Ne8 35. Qa6 Qb5 36. Qa7 Rb7 37. Qa8 Ng7 38. Qc8 Ra7 39. Nc1 Qf1 40. Nf2 Bh4 41. Nfd3 Qxf3 42. Rxc7 Rxc7 43. Qxc7 Qxe4 44. Qxd6 f3 45. Qg6+ Qxg6 46. hxg6+ Kg8 47. Nb3 f2 48. Nd2 e4 49. Nc1 Bg5 50. Nf1 Nf5 51. Ne2 Ne3 52. Nfg3 h5 53. a4 bxa3 54. bxa3 h4 55. a4 hxg3 56. Nxg3 Bf4 57. Nf1 Nxf1 58. a5 Nd2+ 59. Kc2 0-1

[Event "Deva tt"]
[Site "Deva"]
[Date "1999.??.??"]
[Round "9"]
[White "Maiorescu, Gabriel"]
[Black "Bonte, Arghir"]
[Result "1-0"]
[WhiteElo "1650"]
[BlackElo "2058"]
[PlyCount "91"]
[EventDate "1999.07.??"]
[EventType "team"]
[EventRounds "9"]
[EventCountry "ROU"]
[SourceTitle "EXT 2004"]
[Source "ChessBase"]
[SourceDate "2003.11.25"]
[SourceVersion "1"]
[SourceVersionDate "2003.11.25"]
[SourceQuality "1"]

1. e4 e5 2. Nf3 Nc6 3. Bb5 a6 4. Ba4 Be7 5. 0-0 b5 6. Bb3 d6 7. a4 Bb7 8. axb5 axb5 9. Rxa8 Qxa8 10. Nc3 Qa5 11. d3 Nf6 12. Bd2 Qa6 13. Ne2 0-0 14. Ng3 Ra8 15. Ng5 Rf8 16. Nf5 Bd8 17. f4 Nd4 18. fxe5 dxe5 19. Nxd4 Qb6 20. Kh1 Qxd4 21. Bc3 Qd6 22. Rf5 Bxe4 23. Bxe5 Bxf5 24. Bxd6 cxd6 25. Qf3 Bg6 26. Qb7 h6 27. Nf3 Ng4 28. Qxb5 Bf6 29. h3 Nf2+ 30. Kg1 Nd1 31. d4 Be4 32. c3 Nxb2 33. Bxf7+ Rxf7 34. Qe8+ Rf8 35. Qxe4 Kh8 36. Qd5 Rd8 37. Nd2 Nd1 38. Ne4 Be7 39. Qe6 Bf8 40. c4 Nb2 41. c5 dxc5 42. dxc5 Nd3 43. c6 Nc5 44. Nxc5 Bxc5+ 45. Kf1 Rd1+ 46. Ke2 1-0

[Event "Deva tt"]
[Site "Deva"]
[Date "1999.??.??"]
[Round "?"]
[White "Mihai, Narcisa"]
[Black "Bonte, Arghir"]
[Result "1/2-1/2"]
[WhiteElo "1785"]
[BlackElo "2060"]
[PlyCount "24"]
[EventDate "1999.07.??"]
[EventType "team"]
[EventRounds "9"]
[EventCountry "ROU"]
[SourceTitle "EXT 2004"]
[Source "ChessBase"]
[SourceDate "2003.11.25"]
[SourceVersion "1"]
[SourceVersionDate "2003.11.25"]
[SourceQuality "1"]

1. e4 e5 2. Nc3 Nc6 3. Bc4 Nf6 4. d3 h6 5. a3 d6 6. h3 Nd4 7. f4 Be6 8. Bxe6 Nxe6 9. Nge2 c6 10. 0-0 Be7 11. Kh2 Qc7 12. Be3 c5 1/2-1/2